LEADER 01067nam a2200253 i 4500 001 000000009212 003 CaOOAMICUS 005 20220622113330.0 008 180830s1991 fr u000 u und u 040 $aSeMil$bita 100 1 $aGrousset, René,$d<1885-1952>.$0(OLS)http://semarc/name/4557 245 10$aHistoire des croisades et du royaume franc de Jérusalem /$cRené Grousset. 264 1$aParis :$bPerrin,$c1991- 300 $a3 v. ;$c21 cm. 500 $aIn cofanetto 541 0 $aFondo card. C.M. Martini. 650 4$aCrociate.$0(OLS)http://semarc/subject/1433 774 0 $tAnarchie musulmane et la monarchie franque.$z2-262-00931-7$gTome1$w()114862 774 0 $tMonarchie franque et monarchie musulmane.$z2-262-00932-5$gTome2$w()114969 774 0 $tMonarchie musulmane et l'anarchie franque.$z2-262-0093$gTome3$w()114971 941 1 $a4 996 $6245$aHistoire des croisades et du royaume franc de Jérusalem$9(OLS)http://semarc/title/12168 996 $6264$aParis :$bPerrin$9(OLS)http://semarc/publisher/32499 LEADER 01288nam a2200277 i 4500 001 000000221678 003 CaOOAMICUS 005 20130801000000.0 008 130801s2007 it u000 u ita u 013 $a200575 020 $a978-88-8483-619-9 040 $aSeMil$bita 100 1 $aBasso, Elisabetta.$0(OLS)http://semarc/name/77536 245 10$aMichel Foucault e la Daseinsanalyse :$bun'indagine metodologica /$cElisabetta Basso ; prefazione di Luigi Perissinotto. 260 $aMilano :$bMimesis,$c2007. 300 $a456 p. ;$c21 cm. 490 0 $aLa scala e l'album : la scienza ricercata : saggi e testi 600 14$aFoucault, Michel <1926-1984>.$0(OLS)http://semarc/subject/2302 700 1 $aPerissinotto, Luigi,$d<1953- >.$0(OLS)http://semarc/name/9582 830 3$aLa scala e l'album : la scienza ricercata : saggi e testi.$0(OLS)http://semarc/title/28360 850 $aSeMil 852 $aSeMil$W1$xVenegono$y1$m2P VII 34$j172027$B172027$CSeMilBibl$Z2$F183713 $81 961 $aOmaggio: Conti don Ermenegildo 996 $6020$a978-88-8483-619-9$9(OLS)http://semarc/number/220794 996 $6245$aMichel Foucault e la Daseinsanalyse :$bun'indagine metodologica$9(OLS)http://semarc/title/317805 996 $6260$aMilano :$bMimesis$9(OLS)http://semarc/publisher/31844